[Event "DEN-ch sf1"]
[Site "Svendborg"]
[Date "2024.03.29"]
[Round "2"]
[White "Riis, Soren Moller"]
[Black "Koch Mueller, Oscar"]
[Result "1/2-1/2"]
[WhiteElo "2216"]
[BlackElo "1996"]
[PlyCount "92"]
[EventDate "2024.03.29"]
[EventType "swiss"]
[EventRounds "7"]
[EventCountry "DEN"]
[SourceTitle "CB16_2024"]
[SourceDate "2024.04.17"]
[SourceVersion "1"]
[SourceVersionDate "2024.04.17"]
[SourceQuality "1"]

1. d4 Nf6 2. c4 e6 3. g3 d5 4. Bg2 Bb4+ 5. Bd2 a5 6. a3 Be7 7. Qc2 0-0 8. Bf4 c6 9. Nf3 Nbd7 10. Nbd2 Nh5 11. 0-0 Nxf4 12. gxf4 b6 13. Ne5 Nxe5 14. fxe5 Ba6 15. cxd5 cxd5 16. Nf3 Rc8 17. Qd2 Qd7 18. Rfc1 Rc4 19. e3 Rfc8 20. Bf1 Rxc1 21. Rxc1 Bxf1 22. Kxf1 Qb5+ 23. Ke1 Rc4 24. Ng1 f6 25. exf6 Bxf6 26. Ne2 Qd7 27. b3 Rxc1+ 28. Qxc1 e5 29. a4 exd4 30. Nxd4 h5 31. Qc6 Qxc6 32. Nxc6 Kf7 33. Ke2 Ke6 34. f4 Kd6 35. Nd4 Bxd4 36. exd4 Ke6 37. Kf2 Kf6 38. Kg3 Kg6 39. Kg2 Kh6 40. Kg3 g5 41. fxg5+ Kxg5 42. h4+ Kg6 43. Kg2 Kf6 44. Kf2 Ke6 45. Ke2 Kf5 46. Kf3 Ke6 1/2-1/2